Statistics for Top 10 NBA Players (NBA 2K10)

Click here to take the quiz!

General Stats

  • This quiz has been taken 3,969 times
  • The average score is 6 of 11

Answer Stats

RankRatingPlayer% Correct
296LeBron James
99%
197Kobe Bryant
94%
396Dwyane Wade
74%
494Chris Paul
58%
988Tim Duncan
58%
789Kevin Garnett
57%
589Dwight Howard
51%
888Carmelo Anthony
49%
689Deron Williams
26%
1087Rajon Rondo
26%
1087Brandon Roy
13%

Score Distribution

Percentile by Number Answered

Percent of People with Each Score

Your Score History

You have not taken this quiz